ระบบห้องสมุดอัตโนมัติ ULibM
วิทยาลัยพยาบาลบรมราชชนนี พระพุทธบาท
เปลี่ยนเป็นภาษาไทย

Change to English
 แสดงรายละเอียดบรรณานุกรม
  กลับหน้าหลัก

Brief Record : Get Marc (ISO 2709) : E-mail record : QR code ปิดหน้าต่าง
E-books : เกี่ยวกับ Collections
LEADER 00000nam 2200000uu 4500
001    13399120944
003     ULIBM
008    270912s2554 th a 000 0 tha d
020    9789741114351
100    ประพันธ์ อ่านเปรี่ยง
245    A cute care pediatrics
250    พิมพ์ครั้งที่ 1
260    กรุงเทพ :^bเอ พลัส พริ้น,^c2554
300    551 หน้า
856    ^z013544 (2).jpg (สารบัญวารสาร)^uhttp://192.168.3.203/ULIB62015//_fulltext/serialcontent/13399120944/20160302103626_689.jpg
856    ^z013544 (3).jpg (สารบัญวารสาร)^uhttp://192.168.3.203/ULIB62015//_fulltext/serialcontent/13399120944/20160302103628_1225.jpg
856    ^z013544 (4).jpg (สารบัญวารสาร)^uhttp://192.168.3.203/ULIB62015//_fulltext/serialcontent/13399120944/20160302103631_4789.jpg
945    ^p0^l0^i009955
945    ^p0^l0^i007247
945    ^p0^l0^i013544
945    ^p0^l0^i013584
945    ^p0^l0^i018700
945    ^p0^l0^i018699
945    ^p0^l0^i018698
945    ^p0^l0^i018697
945    ^p0^l0^i018696
945    ^p0^l0^i018695
945    ^p0^l0^i018694
945    ^p0^l0^i018693
945    ^p0^l0^i018692
945    ^p0^l0^i005822
945    ^p0^l0^i005823
945    ^p0^l0^i005824
945    ^p0^l0^i005740
945    ^p0^l0^i005739
999    ^aน.ส.เรวดี วงษ์สุวรรณ์
รายการนี้ยังไม่มีแท็ก
คุณยังไม่ได้ล็อกอิน คุณสามารถมีกิจกรรมร่วมกับเว็บไซต์ได้ แต่ต้องล็อกอินก่อน ::
  ล็อกอิน
ลำดับที่ ประเภท เลขเรียก สถานที่ สถานะ
1.
WS205 ป189A 2554  
  
วิทยาลัยพยาบาลบรมราชชนนี พระพุทธบาท
►หนังสือทั่วไป
On Shelf
2.
WS205 ป189A 2554 ฉ.2 
  
วิทยาลัยพยาบาลบรมราชชนนี พระพุทธบาท
►หนังสือทั่วไป
On Shelf
3.
WS205 ป189A 2554 ฉ.3 
  
วิทยาลัยพยาบาลบรมราชชนนี พระพุทธบาท
►หนังสือทั่วไป
On Shelf
4.
WS205 ป189A 2554 ฉ.4 
  
วิทยาลัยพยาบาลบรมราชชนนี พระพุทธบาท
►หนังสือทั่วไป
On Shelf
5.
WS205 ป189A 2554 ฉ.5 
  
วิทยาลัยพยาบาลบรมราชชนนี พระพุทธบาท
►หนังสือทั่วไป
On Shelf
6.
WS205 ป189A 2554 ฉ.6 
  
วิทยาลัยพยาบาลบรมราชชนนี พระพุทธบาท
►หนังสือทั่วไป
On Shelf
7.
WS205 ป189A 2554 ฉ.7 
  
วิทยาลัยพยาบาลบรมราชชนนี พระพุทธบาท
►หนังสือทั่วไป
On Shelf
8.
WS205 ป189A 2554 ฉ.8 
  
วิทยาลัยพยาบาลบรมราชชนนี พระพุทธบาท
►หนังสือทั่วไป
On Shelf
9.
WS205 ป189A 2554 ฉ.9 
  
วิทยาลัยพยาบาลบรมราชชนนี พระพุทธบาท
►หนังสือทั่วไป
On Shelf
10.
WS205 ป189A 2554 ฉ.10 
  
วิทยาลัยพยาบาลบรมราชชนนี พระพุทธบาท
►หนังสือทั่วไป
On Shelf
11.
WS205 ป189A 2554 ฉ.11 
  
วิทยาลัยพยาบาลบรมราชชนนี พระพุทธบาท
►หนังสือทั่วไป
On Shelf
12.
WS205 ป189A 2554 ฉ.12 
  
วิทยาลัยพยาบาลบรมราชชนนี พระพุทธบาท
►หนังสือทั่วไป
On Shelf
  1 2 [2]   [แสดง 12/18 รายการ]

Bib 13399120944